000 00553nam a2200193Ia 4500
008 101110s9999 xx 000 0 und d
041 _aENGLISH
082 _bSR13808
_a658.045
100 _aSengupta N.K.
245 _aChanging patterns of corporate management (2nd rev.ed.)
365 _b125
520 _aCommerce
546 _aENGLISH
630 _aChanging patterns of corporate management (2nd rev.ed.)
650 _aCommerce
655 _aCommerce
730 _aChanging patterns of corporate management (2nd rev.ed.)
942 _cBOOK
999 _c807948
_d807945